000 00672nam a2200205 i 4500
001 9503
003 ES-MaACL
005 20230906145704.0
007 t|
008 931005s1992 sp |||| | spa d
020 _a84-604-2526-6
080 _a308(46)"1990/1991"
245 0 3 _aLa realidad social en España (1990-1991) /
_c[Centro de Investigaciones sobre la Realidad Social].
260 _aBilbao :
_bFundación BBV,
_cD.L. 1992.
300 _aXX, 724 p. ;
_c24 cm.
651 4 _aEspaña-
_xSituación social-
_y1982-1996.
_98508
710 2 _aFundación BBV.
_94229
710 2 _aCentro de Investigaciones sobre la Realidad Social.
_92707
852 _aES-MaACL
_jL-16799
999 _c9503
_d9503